| 000 | 00571nam a2200181Ia 4500 | ||
|---|---|---|---|
| 003 | LK-CoDNM | ||
| 008 | 010623t1954 xxu||||| |||| 00| 1 sin d | ||
| 040 |
_aLK-CoDNM _dLK-CoDNM _eLK-CoDNM |
||
| 041 | _asin | ||
| 080 |
_a(x) 82.9 _bSUB |
||
| 100 | _aSubramaniyam, N. | ||
| 245 | _aසිංහල සාහිත්යයේ ද්රවිඩ ප්රභවය | ||
| 246 | _aSinahala sahithyaye dravida prabhawaya | ||
| 260 |
_bMinistry of Socio-cultural integration _aColombo _c1954 |
||
| 300 | _b23, 21.5 cm | ||
| 650 | _aLiterature | ||
| 942 | _cBK | ||
| 999 |
_c103730 _d103730 |
||